000
00306nam a2200133Ia 4500
008
150301s2015 xx 000 0 und d
082
_a
614.1
_b
P05A
100
_a
AGARWAL, S.P
245
_a
PLAGUS CONTAL IN INDIA
260
_b
MHFW INDIA
300
_a
125
650
_a
PHARMACEUTICS
942
_2
ddc
_c
BK
_0
1
999
_c
7372
_d
7372